000 00171nam a2200061Ia 4500
999 _c10444
_d10444
003 OSt
005 20230407142412.0
008 170523s9999 xx 000 0 und d
040 _cIIMT UNIVERSITY
100 _aGOEL R
245 0 _aCOMPUTER APPLICATION IN MANAGEMENT
260 _aNEW DELHI
_bNEW AGE
_c2012
300 _a410
942 _2ddc
_c02